000 00365pab a2200145 454500
008 180718b1997 xxu||||| |||| 00| 0 eng d
100 _aMohan Rao
245 _aSurreptitious sterilizations: an endangering process
260 _c1997
300 _ap.26-28
362 _aJul-Aug
650 _aHealth services
773 _aHealth for the Millions
909 _a36929
999 _c36929
_d36929